000 00672nam a2200181Ia 4500
008 151202s9999||||xx |||||||||||||| ||und||
082 _bPNVM-18987
100 _aसबनीस वसंत.
245 _aघर मालक प्रेक्षकांनी क्षमा करावी.
260 _b---
260 _c0
300 _a0
600 _aसबनीस वसंत.
630 _aघर मालक प्रेक्षकांनी क्षमा करावी.
700 _aसबनीस वसंत.
730 _aघर मालक प्रेक्षकांनी क्षमा करावी.
942 _cBOOK
999 _c1284971
_d1284968